| 000 | 00659nam a2200193 a 4500 | ||
|---|---|---|---|
| 008 | 120416s1996 ||||||||||||||||| || u | ||
| 020 | _a1557755787 | ||
| 050 | _aIMF(02) | ||
| 100 | _aSnower, Dennis J | ||
| 245 | 1 | 0 | _aEconomic policies and unemployment dynamics in Europe |
| 260 |
_aWashington, D.C. _bIMF _c1996 |
||
| 300 | _avii, 216p. : ill. | ||
| 350 | _a0.00 | ||
| 650 | _aLABOR POLICY--EUROPE | ||
| 650 | _aLABOR MARKET--EUROPE | ||
| 650 | _aUNEMPLOYMENT--EUROPE | ||
| 700 | _aHenry, S. G. B | ||
| 995 |
_D0.00 _FCBU-MAIN LIBRARY (Kitwe) _H1 _I0.00 _M1 _UAVAILABLE _ZAnnex Low-Usage Collection |
||
| 999 |
_c40881 _d40881 |
||